|
|
|
|
| LEADER |
00000cam a2200000 7i4500 |
| 001 |
0000008425 |
| 002 |
000009183 |
| 005 |
20000330.0 |
| 020 |
|
|
|a 9839017365
|
| 090 |
0 |
0 |
|a 297
|b PER
|
| 245 |
0 |
0 |
|a Persediaan di hari kematian dan pengadilan di hari kebangkitan
|c susunan Abdul Aziz Ismail
|
| 260 |
|
|
|a Kuala Lumpur :
|b Darul Nu'Man ,
|c 1995
|
| 300 |
|
|
|a 219 p. ;
|c 21 cm.
|
| 650 |
0 |
0 |
|a Faith (Islam)
|
| 700 |
0 |
|
|a Abdul Aziz Ismail
|
| 999 |
|
|
|a 044026
|b BUKU
|c PINJAMAN
|e PERPUSTAKAAN KOMUNITI PETALING JAYA
|
| 999 |
|
|
|a 044027
|b BUKU
|c PINJAMAN
|e PERPUSTAKAAN KOMUNITI PETALING JAYA
|
| 999 |
|
|
|a 046428
|b BUKU
|c PINJAMAN
|e PERPUSTAKAAN KOMUNITI CAW KOTA DAMANSARA
|